Famous European Cities by Picture - Statistics

General Stats
  • This quiz has been taken 65 times
  • The average score is 16 of 30
Answer Stats
Picture Answer % Correct
Paris
91%
Amsterdam
83%
Budapest
81%
Vatican City
76%
Copenhagen
72%
Florence
70%
Istanbul
70%
Saint Petersburg
69%
Prague
67%
Monaco
65%
Lisbon
63%
Venice
61%
Berlin
59%
Gibraltar
57%
Barcelona
56%
Dubrovnik
54%
Stockholm
52%
Vienna
52%
Edinburgh
50%
Santorini
44%
Porto
39%
Reykjavík
39%
Seville
39%
Mostar
35%
Gdańsk
33%
Moscow
30%
Tallinn
30%
Zurich
24%
Ghent
19%
Lviv
2%
No matching quizzes found
Score Distribution
Percent of People with Each Score
Percentile by Number Answered
Your Score History
You have not taken this quiz